[Event "ICS rated blitz match"]
[Site "204.178.125.65"]
[Date "1999.08.13"]
[Round "?"]
[White "BvdDonk"]
[Black "Hossa"]
[Result "1/2-1/2"]
[WhiteElo "2069"]
[BlackElo "2406"]
[Annotator "Hiarcs 7.32 (19s)"]
[PlyCount "156"]
[EventDate "1999.??.??"]

1. e4 1... Nc6 {Opening = B04 - 3.d4 d6 4.Nf3 ---} 2. Nf3 Nf6 3. e5 Nd5 4. c4
Nb6 5. d4 d6 6. exd6 exd6 7. d5 (7. Nc3 Bg4 8. Be3 Be7 9. b3 O-O 10. Be2 f5 11.
h3 Bh5 12. Qd2 Bf6 13. g3 Qd7 14. d5 Rae8 15. Rc1 Bxf3 16. Bxf3 Ne5 17. Bg2 Bg5
18. Ne2 f4 19. gxf4 Bxf4 20. O-O Bxe3 21. fxe3 21... Rxf1+ {
Roos,L-Steinbacher,M/EUCup Gr2 Strasbourg 1994/EXP 43/1-0 (33)}) 7... Ne5 8.
Nxe5 $146 (8. b3 Bg4 9. Be3 Qe7 10. Be2 Bxf3 11. gxf3 g6 12. Nd2 Bg7 13. Rc1
O-O 14. f4 Ned7 15. Qc2 c6 16. dxc6 bxc6 17. Qe4 Qd8 18. Qxc6 d5 19. Qd6 Re8
20. Nf3 Bf8 21. Qc6 Rc8 22. Qb5 22... Bc5 {
Hernandez,A-Vouldis,A/WchJM-U18 Bratislava 1993/TD 93\05/0-1 (63)}) 8... dxe5
9. Be2 Bb4+ 10. Bd2 Bxd2+ 11. Qxd2 11... Qh4 $14 (11... Bf5 12. Nc3 $11) 12.
Qc3 $11 (12. c5 $5 12... Nd7 13. c6 $14) 12... f6 13. O-O Bg4 14. Bxg4 Qxg4 15.
Nd2 15... O-O-O $14 (15... O-O 16. Rae1 $11) 16. a4 Rd6 17. a5 Nd7 18. b4 18...
Rd8 $2 $18 (18... f5 $14 $142 {und Schwarz spielt mit}) 19. f3 Qd4+ 20. Qxd4
exd4 21. Ne4 $1 {die Pointe} 21... Ne5 22. Nxd6+ Rxd6 23. Rfd1 Nxc4 24. Rxd4
Ne3 25. Rc1 (25. Re1 $5 25... Nf5 26. Rd3 26... Kd7 $18) 25... Nxd5 26. Rc5 {
Weiss haelt das Heft fest in der Hand} 26... c6 27. b5 a6 28. bxa6 bxa6 29. Rd1
Kd7 30. Rcc1 Nf4 31. Rxd6+ Kxd6 32. Rb1 Ne6 33. Rb6 Nc5 34. Rb8 f5 (34... Ne6
35. Kf2 $18) 35. Rh8 h6 36. Rg8 (36. Ra8 36... Ke5 $18) 36... Ne6 37. Ra8 Nc5 (
37... Nc7 38. Rf8 $18) 38. Ra7 g5 39. Rh7 f4 (39... Ne6 40. Rxh6 c5 41. Kf2 $18
) 40. Rxh6+ Ne6 41. g3 fxg3 (41... c5 42. h4 c4 43. gxf4 gxf4 44. Kf2 $18) 42.
hxg3 Kd5 43. Rh7 (43. Kf2 {waere im Gewinnsinne praeziser} 43... c5 $18) 43...
Kc5 (43... c5 $18) 44. Re7 (44. Rb7 $5 {ist genauer} 44... Kd6 $18) 44... Kd6 (
44... Nd4 {kann das Vorangegangene nicht ungeschehen machen} 45. Kf2 $18) 45.
Ra7 Nc5 (45... Nc7 {aendert den traurigen Lauf der Dinge nicht} 46. Rb7 $18)
46. Kf2 Kd5 47. f4 gxf4 (47... g4 {hilft auch nicht mehr} 48. Ke3 Kd6 49. Ra8
$18) 48. gxf4 Kc4 (48... Nd3+ {holt die Kuh nicht vom Eis} 49. Kf3 Nb4 50. Kg4
$18) 49. Kg3 Kb5 50. f5 (50. Re7 $5 {laesst dem Gegner kaum Chancen} 50... Kc4
51. f5 51... Kd5 $18) 50... Kxa5 (50... Ne4+ {ist noch eine duenne Chance} 51.
Kf4 51... Nf6 $18) 51. Kh4 (51. Re7 $142 {und nichts geht mehr} 51... Kb5 52.
f6 $18) 51... Kb6 (51... Ne4 {sonst gehen die Lichter sofort aus} 52. Re7 52...
Nd6 $18) 52. Ra8 (52. Re7 Nd3 53. f6 $18) 52... Ne4 53. Kh5 Kb7 54. Rd8 54...
c5 $2 (54... Kc7 55. Rd4 Ng3+ 56. Kg6 Nxf5 57. Kxf5 57... a5 $18) 55. Kg6 $1 {
ist die Ueberraschung!} 55... a5 56. f6 (56. Re8 $142 {machte sofort alles klar
} 56... Nd6 57. Re7+ 57... Kb8 $18) 56... Nxf6 57. Kxf6 a4 (57... Kc6 58. Ke5
a4 59. Rb8 c4 60. Kd4 c3 61. Kxc3 Kd5 62. Ra8 a3 63. Rxa3 Ke5 64. Ra5+ Kd6 65.
Rb5 Ke6 66. Kd4 Kf6 67. Re5 Kg6 68. Ke4 Kf6 69. Kf4 Kg6 70. Rf5 Kh6 71. Rg5 Kh7
72. Rg4 Kh8 73. Kf5 Kh7 74. Kf6 Kh8 75. Kf7 Kh7 76. Rh4#) 58. Ke5 {
Es droht Matt} 58... c4 59. Kd4 $18 (59. Rd4 Kb6 60. Rxc4 Ka5 61. Kd4 a3 62.
Rc7 Kb5 63. Rc8 a2 64. Ra8 a1=Q+ 65. Rxa1 Kc6 66. Re1 Kd6 67. Kc4 Kc6 68. Rd1
Kb6 69. Rd6+ Kb7 70. Kb5 Kc7 71. Rd5 Kb7 72. Rc5 Ka7 73. Kc6 Ka8 74. Kc7 Ka7
75. Ra5#) 59... a3 (59... Kc7 60. Ra8 Kd6 61. Kxc4 a3 62. Rxa3 Ke6 63. Re3+ Kf6
64. Kd5 Kf5 65. Re4 Kf6 66. Re5 Kf7 67. Re6 Kg7 68. Ke5 Kf7 69. Kf5 Kg7 70. Rf6
Kh7 71. Rg6 Kh8 72. Kf6 Kh7 73. Kf7 Kh8 74. Rh6#) 60. Kxc4 a2 61. Rd1 Kc6 62.
Kb3 (62. Ra1 Kd6 63. Rxa2 Ke6 64. Re2+ Kf6 65. Kd5 Kf5 66. Rf2+ Kg5 67. Ke4 Kg6
68. Rf5 Kh6 69. Kf4 Kg6 70. Kg4 Kh6 71. Rg5 Kh7 72. Kh5 Kh8 73. Kg6 Kg8 74. Rf5
Kh8 75. Rf8#) 62... a1=Q 63. Rxa1 Kd5 64. Re1 Kd4 65. Rc1 (65. Kb4 Kd5 66. Kc3
Kc5 67. Rd1 Kb5 68. Rd5+ Kb6 69. Kb4 Kc6 70. Rd4 Kb6 71. Rc4 Ka6 72. Kc5 Kb7
73. Kb5 Ka7 74. Kc6 Ka8 75. Kc7 Ka7 76. Ra4#) 65... Ke4 66. Kc3 (66. Kc4 Kf4
67. Re1 Kg4 68. Rf1 Kg5 69. Kd4 Kg4 70. Ke5 Kg3 71. Rf4 Kh3 72. Kf5 Kg3 73. Kg5
Kh3 74. Rg4 Kh2 75. Kh4 Kh1 76. Kg3 Kg1 77. Rf4 Kh1 78. Rf1#) 66... Ke3 (66...
Ke5 {macht keinen grossen Unterschied} 67. Re1+ Kf6 68. Re2 Kg6 69. Rf2 Kg5 70.
Kd4 Kg4 71. Ke5 Kg3 72. Rf4 Kh3 73. Kf5 Kg3 74. Kg5 Kh3 75. Rg4 Kh2 76. Kh4 Kh1
77. Kg3 Kg1 78. Rf4 Kh1 79. Rf1#) 67. Re1+ Kf4 68. Kd3 Kf5 69. Kd4 Kg4 (69...
Kf6 {aendert nichts mehr} 70. Re5 Kg6 71. Ke4 Kf6 72. Kf4 Kg6 73. Rf5 Kh6 74.
Rg5 Kh7 75. Rg4 Kh8 76. Kf5 Kh7 77. Kf6 Kh8 78. Kf7 Kh7 79. Rh4#) 70. Ke3 (70.
Rf1 Kg5 71. Ke4 Kg6 72. Rf5 Kh6 73. Kf4 Kg6 74. Kg4 Kh6 75. Rg5 Kh7 76. Kh5 Kh8
77. Kg6 Kg8 78. Rf5 Kh8 79. Rf8#) 70... Kf5 71. Kd4 (71. Kf3 Kg5 72. Re5+ Kg6
73. Kg4 Kf6 74. Re4 Kg6 75. Rf4 Kh6 76. Kf5 Kg7 77. Kg5 Kh7 78. Kf6 Kh8 79. Kf7
Kh7 80. Rh4#) 71... Kg4 (71... Kf6 {hilft allerdings auch nicht} 72. Re5 Kg6
73. Ke4 Kf6 74. Kf4 Kg6 75. Rf5 Kh6 76. Rg5 Kh7 77. Rg4 Kh8 78. Kf5 Kh7 79. Kf6
Kh8 80. Kf7 Kh7 81. Rh4#) 72. Rf1 Kg5 73. Ke4 Kg6 74. Ke5 Kg5 (74... Kg7 {
nuetzt auch nichts mehr} 75. Rf5 Kg6 76. Ke6 Kg7 77. Rg5+ Kh6 78. Kf6 Kh7 79.
Rh5+ Kg8 80. Rh6 Kf8 81. Rh8#) 75. Rg1+ Kh4 76. Kf5 Kh3 77. Rg8 (77. Kf4 Kh2
78. Rg3 Kh1 79. Kf3 Kh2 80. Kf2 Kh1 81. Rh3#) 77... Kh2 (77... Kh4 {
aendert nichts am Ausgang der Partie} 78. Rg7 Kh3 79. Kf4 Kh2 80. Kf3 Kh1 81.
Kf2 Kh2 82. Rh7#) 78. Kf4 Kh3 1/2-1/2

[Event "ICS rated blitz match"]
[Site "204.178.125.65"]
[Date "1999.08.13"]
[Round "?"]
[White "Hossa"]
[Black "DonTomaso"]
[Result "1-0"]
[WhiteElo "2394"]
[BlackElo "2090"]
[Annotator "Hiarcs 7.32 (19s)"]
[PlyCount "45"]
[EventDate "1999.??.??"]

1. d4 1... d5 {Opening = D10 - 3.---} 2. c4 c6 3. Nc3 Nf6 4. cxd5 cxd5 5. f3
$146 {Staerkt e4+g4} (5. g3 Bf5 (5... e6 6. Bg2 (6. a3 Be7 7. Bg2 O-O 8. Nf3
Nc6 9. b4 Bd7 10. O-O Rc8 11. Bb2 a6 12. Rc1 Na7 13. Ne5 a5 14. Nxd7 Qxd7 15.
bxa5 Nc6 16. a6 bxa6 17. Qa4 Qb7 18. Rb1 Qa7 19. Rfd1 Rfd8 20. e3 20... Nd7 {
Kasubke,M-Ohst,C/NRW-I 1989/BIG 80/0-1 (55)}) 6... Nbd7 7. Nf3 Be7 8. O-O Nb6
9. e3 O-O 10. Qe2 Bd7 11. b3 Rc8 12. Bb2 Bb4 13. Rfc1 Rc7 14. Ne5 Be8 15. Nb5
Rxc1+ 16. Rxc1 a6 17. Nc3 Nfd7 18. Nd3 Be7 19. e4 dxe4 20. Nxe4 Qb8 21. Nec5
Nxc5 22. Nxc5 Bb5 23. Qe3 Bxc5 24. dxc5 Nd7 25. c6 bxc6 26. Qc3 Nf6 27. a4 Be2
28. Qe3 Bh5 29. Bxf6 gxf6 30. Rxc6 Bd1 31. Rxa6 Qxb3 32. Qxb3 Bxb3 33. a5 Bc4
34. Ra8 Rxa8 35. Bxa8 Ba6 36. Kg2 Kf8 37. Kf3 f5 38. g4 fxg4+ 39. Kxg4 Kg7 40.
Kf4 {Johansen,M-Robu,I/EU-chJM U12 Szombathely 1993/TD 93\05/1-0 (60)}) 6. Bg2
e6 7. Bf4 Nbd7 8. Nf3 Be7 9. O-O h6 10. Nb5 O-O 11. Nd6 Bxd6 12. Bxd6 Re8 13.
Ne5 Qb6 14. Nxd7 Nxd7 15. Ba3 Rac8 16. Qa4 Rc7 17. Rfc1 Rec8 18. b3 a6 19. Rxc7
Rxc7 20. Rc1 Rxc1+ 21. Bxc1 {
- Johansen,M-Sivakumaran,S/EU-chJM U12 Szombathely 1993/TD 93\05 (21)}) 5...
Nc6 6. e4 dxe4 7. d5 Ne5 8. fxe4 e6 9. Bf4 Bd6 10. Bb5+ Bd7 11. Bxd7+ Qxd7 12.
Nge2 (12. Qd4 Nfg4 13. dxe6 13... Qxe6 $11) 12... exd5 13. exd5 O-O 14. Rc1 $17
(14. Qd4 Rfe8 15. O-O $17) 14... Neg4 15. Qd4 15... Rac8 $11 (15... Bxf4 $5
$142 16. Nxf4 Rfe8+ 17. Kd2 17... Qf5 $17) 16. Bxd6 Qxd6 17. h3 Ne5 18. Rd1
18... a6 {Sichert b5} 19. O-O Rc4 20. Qe3 20... Rfc8 $14 (20... Re8 21. Qg3 $11
) 21. Rf5 $11 (21. Ng3 21... Ng6 $14) 21... Ng6 22. a3 22... Re8 $4 $18 {
vergibt den Vorteil} (22... h6 $11 $142 {damit waere Schwarz im Spiel geblieben
}) 23. Rxf6 (23. Rxf6 Qf8 24. Qd3 Rxc3 25. Nxc3 gxf6 26. Ne4 $18) 1-0

[Event "ICS rated blitz match"]
[Site "204.178.125.65"]
[Date "1999.08.13"]
[Round "?"]
[White "GIRONA"]
[Black "Hossa"]
[Result "0-1"]
[WhiteElo "2163"]
[BlackElo "2399"]
[Annotator "Hiarcs 7.32 (19s)"]
[PlyCount "128"]
[EventDate "1999.??.??"]

1. e4 1... Nc6 {Opening = 1.e4 Nc6} 2. Nf3 Nf6 3. Nc3 (3. e5 Nd5 (3... Ng4 4.
d4 d6 5. h3 Nh6 6. Bxh6 gxh6 7. exd6 Qxd6 8. c3 Bf5 9. Nbd2 O-O-O 10. Nc4 Qf6
11. Nce5 Bg7 12. Bc4 Nxe5 13. Nxe5 Qg5 14. Nf3 Qf4 15. Bd3 Bxd3 16. Qxd3 e5 17.
Qe3 Qxe3+ 18. fxe3 {Stocker,A-Stuermer,R/Schoeneck 1996/1-0 (34)}) 4. d4 e6 5.
Bd3 Ndb4 6. Be2 d5 7. c3 Na6 8. Bd3 Be7 9. h4 h6 10. h5 b6 11. Be3 Ncb8 12. b4
c5 13. a3 Nd7 14. O-O Nc7 15. Ne1 c4 16. Bc2 f5 17. exf6 gxf6 18. Qg4 Bf8 19.
Nf3 Qe7 20. Nh4 Kd8 21. Ng6 Qg7 22. Qg3 Rg8 23. Bf4 e5 24. dxe5 fxe5 25. Nxe5
Nxe5 26. Bxe5 {1-0 Kindermann,S-Stokstad,P/Skei 1994/EXP 42 (26)}) 3... d5 4.
exd5 Nxd5 5. Bc4 $146 (5. d4 Bg4 6. Be2 e6 7. a3 Qf6 8. Bg5 Qg6 9. Qd2 Nxc3 10.
bxc3 f6 11. Bh4 O-O-O 12. O-O e5 13. Qe3 Bd6 14. d5 Nb8 15. Bg3 Bxf3 16. Qxf3
f5 17. Qh5 Qxh5 18. Bxh5 g6 19. Be2 19... g5 {
Schmidt,M-Stuermer,R/Binz 1995/0-1 (68)}) 5... Nxc3 6. bxc3 {Kontrolliert b4+d4
} 6... e5 7. O-O Bd6 8. Re1 8... Rb8 $14 (8... O-O $5 $11 {
ist die kritische Fortsetzung}) 9. d4 9... f6 $18 {Ueberdeckt g5} (9... O-O $5
$14) 10. Bf4 Be7 (10... Qe7 $5 $18) 11. Bg3 $16 (11. dxe5 $5 $142 11... f5 12.
Qxd8+ Bxd8 13. Nd4 $18) 11... Bg4 $18 (11... b5 $5 12. Bb3 12... exd4 $18) 12.
dxe5 {Nun geraet Schwarz unter starken Druck..} 12... Qxd1 13. Raxd1 Bxf3 (
13... fxe5 14. Bxe5 Kf8 15. Rd3 $18) 14. gxf3 $16 (14. exf6 $5 14... gxf6 15.
gxf3 15... Rd8 $18) 14... Nxe5 $18 (14... Rf8 $5 15. e6 15... Bd6 $18) 15. Bxe5
fxe5 16. Rxe5 Rd8 17. Rde1 {Droht Matt: Rxe7} 17... Rd7 18. Be6 $1 {das wars}
18... Bd6 19. Bxd7+ Kxd7 20. Rf5 Kc6 21. Rf7 Rg8 22. Re4 a6 23. f4 b5 (23...
Kd5 24. Re3 $18) 24. Kg2 (24. f5 $5 {laesst dem Gegner kaum Chancen} 24... Kd5
25. Rd4+ 25... Kc6 $18) 24... a5 (24... Kd5 25. f3 $18) 25. Kf3 a4 (25... Kb6
26. h4 $18) 26. h4 Kc5 (26... a3 {aendert nichts am Ausgang der Partie} 27. f5
h5 28. f6 gxf6 29. c4 $18) 27. h5 h6 28. Re6 (28. f5 $5 $142 {ginge schneller}
28... Rf8 29. Rxf8 29... Bxf8 $18) 28... Kc4 29. Rg6 Kxc3 30. Rgxg7 $4 $16 {
danach wendet sich das Blatt} (30. f5 $142 {sichert den Gewinn} 30... Rh8 31.
Rfxg7 Kxc2 32. f6 $18) 30... Rxg7 31. Rxg7 Kxc2 32. f5 $11 (32. Ke4 $5 $142
32... b4 33. f3 $16) 32... b4 33. f6 $4 $19 {gibt den Vorteil aus der Hand} (
33. Rg4 b3 34. Rc4+ Kd3 35. axb3 axb3 36. Re4 $19) 33... b3 34. axb3 axb3 35.
Ke4 b2 36. Rg1 c5 37. f4 $4 {der starke Druck provoziert weitere Fehler} (37.
Kd5 Bf8 38. Ke6 $15) 37... b1=Q 38. Rxb1 Kxb1 39. Kd5 Bf8 40. f5 Kc1 41. f7 Kd1
42. f6 Kd2 43. Ke6 c4 44. Kd7 c3 45. Ke8 Bd6 46. f8=Q Bxf8 47. Kxf8 c2 48. f7
c1=Q 49. Kg8 Qc4 50. Kg7 Qd4+ 51. Kg8 Qd5 52. Kg7 Qg5+ 53. Kh8 Qe5+ 54. Kg8
Qg3+ 55. Kh8 55... Qd6 {Es droht Matt} 56. Kg8 56... Qe6 $1 {macht alles klar}
57. Kg7 57... Qd7 $1 {das war die Absicht} 58. Kg8 Qg4+ 59. Kh8 Qf3 60. Kg8
Qg2+ 61. Kh8 61... Qf2 $11 (61... Qa8+ $142 {entschiede die Partie sofort} 62.
Kg7 62... Qb7 $19) 62. Kg8 Qg1+ 63. Kh8 63... Qc5 $17 (63... Qa1+ $142 {
und Schwarz gewinnt} 64. Kg8 64... Qa2 $19) 64. Kh7 $4 $19 {
verschlechtert die Stellung weiter} (64. Kg8 $17 $142) 64... Qf8 {
Mit der Mattdrohung Qxf7} (64... Qf8 65. Kg6 65... Ke3 $19) 0-1

[Event "ICS rated blitz match"]
[Site "204.178.125.65"]
[Date "1999.08.13"]
[Round "?"]
[White "Panthee"]
[Black "Hossa"]
[Result "0-1"]
[WhiteElo "2250"]
[BlackElo "2406"]
[Annotator "Hiarcs 7.32 (19s)"]
[PlyCount "54"]
[EventDate "1999.??.??"]

1. e3 1... g6 {Opening = 1.---} 2. d4 (2. Nc3 Bg7 3. Nf3 f5 4. d4 Nf6 5. Bb5 c6
6. Be2 O-O 7. O-O d6 8. b3 Qc7 9. Ba3 Rd8 10. Qd2 Ne4 11. Nxe4 fxe4 12. Ne1 Nd7
13. f3 Nf6 14. Qb4 a5 15. Qd2 a4 16. Qb4 axb3 17. axb3 Kh8 18. fxe4 Nxe4 19.
Bb2 Bf5 20. Nd3 Kg8 21. Kh1 b6 22. c4 c5 23. Qe1 Rxa1 24. Bxa1 Ra8 25. Bb2 Ra2
26. Bf3 Ng5 27. e4 Nxf3 28. Rxf3 Bg4 29. Rf2 Qa7 30. h3 Bc8 31. Qc1 e6 32. Qf4
Qe7 33. dxc5 bxc5 34. Bxg7 Rxf2 35. Qxf2 Kxg7 36. e5 36... Bb7 {
Comp Portorose-Videki,S/Budapest Spring op 1991/TD 91\05/1-0 (52)}) (2. Nf3 Bg7
3. c4 f5 4. d4 Nf6 5. b3 O-O 6. Bb2 d6 7. Nbd2 e6 8. Bd3 d5 9. O-O Nbd7 10. Rc1
{- Leroy,A-Kallio,H/WchJM-U14 Szeged 1994/TD 94\01 (10)}) 2... Bg7 $146 (2...
d6 3. c4 Bg7 4. Nf3 Nf6 5. Be2 O-O 6. O-O Bg4 7. Nbd2 Re8 8. Re1 e5 9. Nf1 Nc6
10. Ng3 exd4 11. Nxd4 Bxe2 12. Rxe2 Nxd4 13. exd4 h6 14. Be3 Qd7 15. Qd2 Kh7
16. Rae1 Re7 17. b3 Rae8 18. d5 b6 19. Bd4 Rxe2 20. Rxe2 Rxe2 21. Qxe2 Qe8 22.
Bxf6 Qxe2 23. Nxe2 Bxf6 24. Kf1 Kg7 25. Ke1 Be5 26. h3 26... Kf6 {
- Danzer,J-Martinez,J/WchJM-U10 Bratislava 1993/TD 93\05 (26)}) 3. c4 e5 4. Nc3
Ne7 5. dxe5 Bxe5 6. Bd2 Nbc6 7. Nf3 Bg7 8. Be2 O-O 9. O-O Re8 10. a3 {
Staerkt b4} 10... d6 {Ueberdeckt e5} 11. Qc2 Bg4 12. Rad1 Rb8 13. h3 Bxf3 14.
Bxf3 Qd7 15. b3 Ne5 16. Be2 f5 17. Rfe1 17... c6 {Sichert b5+d5} 18. Bf1 18...
d5 {Schwarz zwingt den Gegner mit starken Drohungen nieder} 19. cxd5 cxd5 20.
Nb5 $11 (20. Bb5 20... N5c6 $14) 20... Rbc8 21. Qb1 a6 22. Nd4 Qd6 23. Qb2
23... Qf6 $14 (23... N5c6 24. Bc3 $11) 24. Rc1 Rxc1 25. Rxc1 (25. Qxc1 25...
N5c6 $11) 25... f4 26. Rc7 $2 $19 (26. Qc2 $142 {sieht noch spielbar aus} 26...
fxe3 27. Bxe3 $11) 26... fxe3 27. Bxe3 (27. fxe3 27... Rf8 $1 {Boing!} 28. Rc1
Qf2+ 29. Kh1 Ng4 30. hxg4 30... Be5 $19) 27... N5c6 (27... N5c6 28. Rxb7 Nxd4
29. Bxd4 29... Qxd4 $19) 0-1

[Event "ICS rated blitz match"]
[Site "204.178.125.65"]
[Date "1999.08.13"]
[Round "?"]
[White "Hossa"]
[Black "Panthee"]
[Result "1-0"]
[WhiteElo "2415"]
[BlackElo "2241"]
[Annotator "Hiarcs 7.32 (19s)"]
[PlyCount "47"]
[EventDate "1999.??.??"]

1. e4 1... e5 {Opening = C57 - 4.Ng5 d5 5.ed5 ---)} 2. Nf3 Nc6 3. Bc4 Nf6 4.
Ng5 d5 5. exd5 Nxd5 6. Qf3 6... Be6 $14 (6... Qxg5 7. Bxd5 7... Nd4 $19) 7.
Nxe6 7... fxe6 {Verwehrt dem Gegner d5} 8. Bb5 Bd6 (8... Ndb4 9. Kd1 $14) 9.
Bxc6+ bxc6 10. Qh5+ g6 11. Qe2 O-O 12. O-O 12... Nf4 {Mit der Mattdrohung Nxe2}
13. Qe4 13... c5 $16 (13... Qg5 $5 $142 {steht zur Diskussion} 14. Kh1 14...
Nd5 $14) 14. d3 Qf6 15. Bxf4 $14 (15. Na3 $5 $16) 15... Qxf4 $16 (15... exf4 $5
$142 {kam sehr in Betracht} 16. Nd2 Qxb2 17. Qxe6+ 17... Kh8 $14) 16. Na3 Qxe4
17. dxe4 Rab8 18. Nc4 Kf7 19. Rad1 Ke7 20. Rd2 Rb4 (20... g5 21. f3 $18) 21. b3
Rd8 22. Rfd1 Rbb8 23. f4 23... exf4 $2 (23... Ke8 24. Nxd6+ cxd6 25. Rxd6 exf4
26. Rxe6+ Kf7 27. Rxd8 27... Rxd8 $18) 24. e5 (24. e5 g5 25. exd6+ cxd6 26.
Rxd6 Rxd6 27. Rxd6 $18) 1-0

[Event "ICS rated blitz match"]
[Site "204.178.125.65"]
[Date "1999.08.13"]
[Round "?"]
[White "TioHoracio"]
[Black "Hossa"]
[Result "0-1"]
[WhiteElo "2133"]
[BlackElo "2424"]
[Annotator "Hiarcs 7.32 (19s)"]
[PlyCount "74"]
[EventDate "1999.??.??"]

1. e3 1... g6 {Opening = 1.---} 2. d4 (2. Nc3 Bg7 3. Nf3 f5 4. d4 Nf6 5. Bb5 c6
6. Be2 O-O 7. O-O d6 8. b3 Qc7 9. Ba3 Rd8 10. Qd2 Ne4 11. Nxe4 fxe4 12. Ne1 Nd7
13. f3 Nf6 14. Qb4 a5 15. Qd2 a4 16. Qb4 axb3 17. axb3 Kh8 18. fxe4 Nxe4 19.
Bb2 Bf5 20. Nd3 Kg8 21. Kh1 b6 22. c4 c5 23. Qe1 Rxa1 24. Bxa1 Ra8 25. Bb2 Ra2
26. Bf3 Ng5 27. e4 Nxf3 28. Rxf3 Bg4 29. Rf2 Qa7 30. h3 Bc8 31. Qc1 e6 32. Qf4
Qe7 33. dxc5 bxc5 34. Bxg7 Rxf2 35. Qxf2 Kxg7 36. e5 36... Bb7 {
Comp Portorose-Videki,S/Budapest Spring op 1991/TD 91\05/1-0 (52)}) (2. Nf3 Bg7
3. c4 f5 4. d4 Nf6 5. b3 O-O 6. Bb2 d6 7. Nbd2 e6 8. Bd3 d5 9. O-O Nbd7 10. Rc1
{- Leroy,A-Kallio,H/WchJM-U14 Szeged 1994/TD 94\01 (10)}) 2... Bg7 $146 (2...
d6 3. c4 Bg7 4. Nf3 Nf6 5. Be2 O-O 6. O-O Bg4 7. Nbd2 Re8 8. Re1 e5 9. Nf1 Nc6
10. Ng3 exd4 11. Nxd4 Bxe2 12. Rxe2 Nxd4 13. exd4 h6 14. Be3 Qd7 15. Qd2 Kh7
16. Rae1 Re7 17. b3 Rae8 18. d5 b6 19. Bd4 Rxe2 20. Rxe2 Rxe2 21. Qxe2 Qe8 22.
Bxf6 Qxe2 23. Nxe2 Bxf6 24. Kf1 Kg7 25. Ke1 Be5 26. h3 26... Kf6 {
- Danzer,J-Martinez,J/WchJM-U10 Bratislava 1993/TD 93\05 (26)}) 3. c4 e5 4.
dxe5 Nc6 5. f4 f6 6. exf6 Nxf6 7. Nf3 Ne4 8. Bd3 Nc5 9. O-O Qe7 10. e4 Nb4 11.
Ne1 Nxe4 12. a3 Bd4+ 13. Kh1 Nf2+ 14. Rxf2 Bxf2 15. Nf3 Nxd3 16. Qxd3 O-O 17.
Nc3 Re8 18. Bd2 d6 19. Rf1 Bb6 20. Nd5 Qe2 21. Qb1 Rf8 22. Bc3 Bf5 23. Qc1 (23.
Re1 23... Bxb1 $1 {nun hat Schwarz die besseren Moeglichkeiten} 24. Rxe2 24...
h6 $17) 23... Rf7 $4 $11 {gibt den Vorteil aus der Hand} (23... Be4 $142 {
und Schwarz bekommt die Oberhand} 24. Ne7+ Kf7 25. Ng5+ Kxe7 26. Nxe4 Kd7 27.
Nf6+ 27... Kc6 $19) 24. Re1 24... Qxc4 $4 $18 {
danach kann Schwarz alle Traeume begraben} (24... Qd3 $142 {
damit waere Schwarz im Spiel geblieben} 25. Ng5 Qxc4 26. Ne7+ Rxe7 27. Rxe7 Bd4
28. Nxh7 28... Rd8 $11) 25. Ne7+ 25... Rxe7 $18 (25... Kf8 $5 26. Bg7+ Rxg7 27.
Nxg6+ hxg6 28. Qxc4 Re8 29. Rxe8+ 29... Kxe8 $18) 26. Rxe7 h5 27. Ng5 $4 $15 {
danach kann Weiss alle Traeume begraben} (27. Qe1 Kf8 28. Rh7 $18) 27... Bd4
28. Qe1 {Droht Matt: Re8} 28... Bxc3 $11 (28... Rf8 29. Bxd4 Qxd4 30. Ne6 Bxe6
31. Qxe6+ Kh8 32. h3 $11) 29. bxc3 $17 (29. Re8+ $5 $142 {ist interessant}
29... Rxe8 30. Qxe8+ Kg7 31. Qe7+ Kg8 32. Qe8+ Kg7 33. Qe7+ Kg8 34. Qe8+ $11)
29... Rf8 30. g3 b6 31. Qe3 Qd5+ (31... Qf1+ 32. Qg1 Qxg1+ 33. Kxg1 $17) 32.
Kg1 Qd1+ 33. Kg2 33... Qb3 $11 (33... Qc2+ 34. Kg1 Qb1+ 35. Kf2 Qa2+ 36. Kg1
Qa1+ 37. Kf2 Qa2+ 38. Kg1 Qa1+ 39. Kf2 Qb2+ 40. Kg1 Qb1+ 41. Kg2 Qa2+ 42. Kg1
$11) 34. Qd4 {Es droht Matt} 34... Qc2+ 35. Kf1 $4 $19 {
wirft den sicheren Gewinn weg} (35. Kg1 $142 {war notwendig} 35... Qc1+ 36. Kg2
Qc2+ 37. Kh1 Qb1+ 38. Kg2 38... Qc2+ $11) 35... Bd3+ 36. Kg1 {Droht Matt} 36...
Qd1+ 37. Kg2 (37. Kf2 {waere gleichermassen fruchtlos} 37... Qf1+ 38. Ke3 Qe2#)
37... Qf1# 0-1

[Event "ICS rated blitz match"]
[Site "204.178.125.65"]
[Date "1999.08.13"]
[Round "?"]
[White "Hossa"]
[Black "TioHoracio"]
[Result "1-0"]
[WhiteElo "2429"]
[BlackElo "2128"]
[PlyCount "67"]
[EventDate "1999.??.??"]

1. d4 Nf6 2. c4 c5 3. d5 e6 4. Nc3 exd5 5. cxd5 d6 6. Nf3 g6 7. Nd2 Bg7 8. e4
O-O 9. Be2 a6 10. a4 Nbd7 11. O-O Rb8 12. Nc4 Nb6 13. Bg5 Nxc4 14. Bxc4 Qc7 15.
f3 Re8 16. Qd2 Nd7 17. Bh6 Bd4+ 18. Kh1 Ne5 19. Ba2 Bd7 20. Ne2 Bxa4 21. Nxd4
cxd4 22. Qxd4 Bd7 23. f4 Qc5 24. Qxc5 dxc5 25. fxe5 Rxe5 26. Bf4 Rbe8 27. Bxe5
Rxe5 28. d6 Rxe4 29. Rxf7 Be6 30. Bxe6 Rxe6 31. d7 Rd6 32. Raf1 b5 33. Rf8+ Kg7
34. d8=Q {TioHoracio resigns} 1-0

[Event "ICS rated blitz match"]
[Site "204.178.125.65"]
[Date "1999.08.13"]
[Round "?"]
[White "Esen"]
[Black "Hossa"]
[Result "0-1"]
[WhiteElo "2046"]
[BlackElo "2434"]
[PlyCount "42"]
[EventDate "1999.??.??"]

1. e4 Nc6 2. Bb5 d5 3. Bxc6+ bxc6 4. exd5 cxd5 5. d4 e6 6. Nf3 c5 7. c3 cxd4 8.
cxd4 Bd6 9. O-O Ne7 10. Nc3 O-O 11. Re1 Ba6 12. Ne5 Rc8 13. Qg4 Bxe5 14. Rxe5
Nc6 15. Bh6 Qf6 16. Bg5 Nxe5 17. dxe5 Qxe5 18. f4 Qd4+ 19. Kh1 Kh8 20. Rd1 Qf2
21. Bh4 21... Qxb2 {Esen resigns} 0-1

[Event "ICS rated blitz match"]
[Site "204.178.125.65"]
[Date "1999.08.13"]
[Round "?"]
[White "Hossa"]
[Black "Esen"]
[Result "1-0"]
[WhiteElo "2437"]
[BlackElo "2043"]
[PlyCount "139"]
[EventDate "1999.??.??"]

1. d4 Nf6 2. c4 e6 3. Nc3 Bb4 4. Bg5 Bxc3+ 5. bxc3 h6 6. Bxf6 Qxf6 7. e4 e5 8.
Rb1 d6 9. Qf3 Qxf3 10. Nxf3 Nc6 11. Bd3 b6 12. d5 Na5 13. Rg1 Bg4 14. Ke2 Bxf3+
15. Kxf3 Ke7 16. Rb2 Nb7 17. g3 Nc5 18. Ke3 a5 19. f4 f6 20. a3 Raf8 21. f5
Rhg8 22. Rgb1 g6 23. fxg6 Rxg6 24. Rf2 Rfg8 25. Rbf1 Rf8 26. Rf5 Rg5 27. R5f3
Nd7 28. Kd2 h5 29. Be2 Rh8 30. Ke3 h4 31. gxh4 Rxh4 32. R1f2 Rh6 33. Bf1 Nf8
34. h3 Ng6 35. Rxf6 Rg3+ 36. R6f3 Rxf3+ 37. Rxf3 Nf4 38. Rg3 Kf7 39. a4 Rg6 40.
Rxg6 Kxg6 41. Kf2 Kg5 42. Kg3 Ng6 43. Be2 Nh4 44. Bg4 Ng6 45. Bd1 Nh4 46. Be2
Ng6 47. Bf1 Nh4 48. Bd3 Ng6 49. Bc2 Nh4 50. Bd1 Ng6 51. Bg4 Nh4 52. Bd7 Ng6 53.
Be8 Nh4 54. Bf7 Ng6 55. Bxg6 Kxg6 56. Kg4 Kh6 57. Kf5 Kh5 58. Ke6 Kh4 59. Kd7
Kxh3 60. Kxc7 Kg4 61. Kxd6 Kf4 62. Ke6 Kxe4 63. d6 Kf4 64. d7 e4 65. d8=Q e3
66. Qxb6 Kf3 67. Kf5 e2 68. Qg1 e1=Q 69. Qxe1 Kg2 70. Kf4 {Esen resigns} 1-0